ZTM Gdańsk - 111 - Statystyki

Ogólne statystyki
  • Ten quiz został rozwiązany 19 razy
  • Średni wynik to 19 z 25
Statystyki odpowiedzi
Ulica Przystanek % Poprawnych
Podwale Grodzkie Dworzec Główny
100%
Wały Piastowskie Wały Piastowskie
100%
Bajki Bajki
92%
Siennicka Głęboka
92%
Przełom Górki Zachodnie
92%
Kępna Kępna
92%
Toruńska Muzeum Narodowe
92%
Sówki Sówki
92%
Wróbla Wróbla
92%
Stryjewskiego Zimna
92%
Wały Jagiellońskie Brama Wyżynna
85%
Łowicka Łowicka
85%
Stryjewskiego Stogi
85%
Kępna Baza Manipulacyjna
69%
Toruńska Dobra
69%
Łowicka Łęczycka
69%
Łąkowa Długie Ogrody
62%
Siennicka Elbląska
62%
Łąkowa Chłodna
54%
Sienna Dickensa
54%
Stryjewskiego Tamka
54%
Kępna Górecka
46%
Sienna Kaczeńce Sienna
46%
Kępna Steczka
46%
Stryjewskiego Kłosowa
38%
Nie znaleziono quizów pasujących do podanych kryteriów
Rozkład punktacji
Procent ludzi z każdym wynikiem
Percentyl według liczby udzielonych odpowiedzi
Twoja historia wyników
Nie rozwiązałeś tego quizu